Welcome to WEB OPAC of MRSPTU Central Library

The Internet Book (Record no. 4062)

MARC details
000 -LEADER
fixed length control field 00360nam a2200145Ia 4500
008 - FIXED-LENGTH DATA ELEMENTS--GENERAL INFORMATION
fixed length control field 230711s9999||||xx |||||||||||||| ||und||
041 ## - LANGUAGE CODE
Language code of text/sound track or separate title ENG
082 ## - DEWEY DECIMAL CLASSIFICATION NUMBER
Classification number 4
Item number CO-I
100 ## - MAIN ENTRY--PERSONAL NAME
Personal name Comer,Douglas E
245 #4 - TITLE STATEMENT
Title The Internet Book
250 ## - EDITION STATEMENT
Edition statement 3rd . Ed.
260 ## - PUBLICATION, DISTRIBUTION, ETC.
Date of publication, distribution, etc. 2003
Place of publication, distribution, etc. New Delhi
Name of publisher, distributor, etc. PHI Learning Private Limited
650 ## - SUBJECT ADDED ENTRY--TOPICAL TERM
Topical term or geographic name entry element Computer Engineering
942 ## - ADDED ENTRY ELEMENTS (KOHA)
Koha item type Book
Holdings
Withdrawn status Lost status Damaged status Not for loan Collection Home library Current library Date acquired Total checkouts Full call number Barcode Date last seen Price effective from Koha item type Cost, normal purchase price Inventory number Date last checked out
          MRSPTU Central Library MRSPTU Central Library     4 CO-I 13573 08/17/2023 08/17/2023 Book      
          MRSPTU Central Library MRSPTU Central Library     4 CO-I 13574 08/17/2023 08/17/2023 Book      
          MRSPTU Central Library MRSPTU Central Library     4 CO-I 13575 08/17/2023 08/17/2023 Book      
          MRSPTU Central Library MRSPTU Central Library     4.678 CO-T 32795 08/17/2023 08/17/2023 Book 499.00 3742517  
          MRSPTU Central Library MRSPTU Central Library     4.678 CO-T 32796 08/17/2023 08/17/2023 Book 499.00 3742517  
          MRSPTU Central Library MRSPTU Central Library     4.678 CO-T 32797 08/17/2023 08/17/2023 Book 499.00 3742517  
          MRSPTU Central Library MRSPTU Central Library   1 4.678 CO-T 32798 11/06/2024 08/17/2023 Book 499.00 3742517 10/09/2024
          MRSPTU Central Library MRSPTU Central Library     4.678 CO-T 32799 08/17/2023 08/17/2023 Book 499.00 3742517  
          MRSPTU Central Library MRSPTU Central Library     4.678 CO-T 32800 08/17/2023 08/17/2023 Book 499.00 3742517  
          MRSPTU Central Library MRSPTU Central Library     4.678 CO-T 32801 08/17/2023 08/17/2023 Book 499.00 3742517  
          MRSPTU Central Library MRSPTU Central Library   2 4.678 CO-T 32802 03/22/2024 08/17/2023 Book 499.00 3742517 02/20/2024
          MRSPTU Central Library MRSPTU Central Library     4.678 CO-T 32803 08/17/2023 08/17/2023 Book 499.00 3742517  
          MRSPTU Central Library MRSPTU Central Library     4.678 CO-T 32804 08/17/2023 08/17/2023 Book 499.00 3742517  

Website Designed and Developed by MRSPTU Central Library Team

E-mail Id: librarian@mrsptu.ac.in